Loading...
The autobiography of an unknown Indian
| Main Author: | |
|---|---|
| Format: | Printed Book |
| Published: |
Mumbai
Jaico publishing house
2002
|
| Subjects: |
| LEADER | 00480nam a22001457a 4500 | ||
|---|---|---|---|
| 020 | |a 81 7224 287 5 | ||
| 074 | |a 427 | ||
| 082 | |a 920 CHA'02 | ||
| 100 | |a Chaudhari,Nirad C |9 822 | ||
| 245 | |a The autobiography of an unknown Indian | ||
| 260 | |a Mumbai |b Jaico publishing house |c 2002 | ||
| 300 | |a xiii,610p. | ||
| 653 | |a English literature | ||
| 999 | |c 1014 |d 1014 | ||
| 952 | |0 0 |1 0 |2 udc |4 0 |6 920_CHA02 |7 0 |9 1385 |a NUALS |b NUALS |d 2009-10-14 |l 3 |m 1 |o 920 CHA'02 |p 427 |r 2016-08-09 |s 2016-07-22 |t 1 |w 2009-10-14 |y BK | ||